Score 0/24 Timer 03:00
8 Plays Today
Letter Country % Correct
OOman
90.7%
YYemen
90.5%
QQatar
90.2%
CChad/Cuba
89.9%
NNiger/Nepal/Nauru
86.7%
PPeru
86.6%
LLaos
85%
MMali
83.9%
ZZambia
83.3%
FFiji
82.5%
SSamoa/Spain/Sudan/Syria
80.5%
RRussia/Rwanda
80.2%
Letter Country % Correct
IIran/Iraq
79.9%
DDenmark
79.8%
JJapan
78.7%
GGabon/Ghana
77.9%
VVanuatu/Vietnam
76.6%
HHaiti
75.9%
TTogo
75.1%
UUganda
71.3%
KKenya
64.8%
EEgypt
62.6%
BBenin
61%
AAngola
52.3%
Remove Ads.
Support Sporcle.
Get the best of Sporcle when you Go Orange. This ad-free experience offers more features, more stats, and more fun while also helping to support Sporcle. Thank you for becoming a member.

You're not logged in!

Compare scores with friends on all Sporcle quizzes.
OR
Log In

Show Comments

Extras

Top Quizzes Today


Score Distribution

Your Account Isn't Verified!

In order to create a playlist on Sporcle, you need to verify the email address you used during registration. Go to your Sporcle Settings to finish the process.

Report this User

Report this user for behavior that violates our Community Guidelines.

Details: